|
|
|
|
| LEADER |
00000nam0a2200000 4500 |
| 001 |
64199 |
| 005 |
20231031065436.0 |
| 035 |
|
|
|a (RuTPU)RU\TPU\book\68134
|
| 035 |
|
|
|a RU\TPU\book\55666
|
| 090 |
|
|
|a 64199
|
| 100 |
|
|
|a 20040526d1974 m y0rusy50 ca
|
| 101 |
0 |
|
|a rus
|
| 102 |
|
|
|a RU
|
| 105 |
|
|
|a a j 001zy
|
| 200 |
1 |
|
|a Взаимозаменяемость, стандартизация и технические измерения
|e учебник
|f А. И. Якушев
|
| 205 |
|
|
|a 3-е изд., перераб. и доп.
|
| 210 |
|
|
|a Москва
|c Машиностроение
|d 1974
|
| 215 |
|
|
|a 472 с.
|c ил.
|
| 320 |
|
|
|a Библиогр.: с. 467-468.
|
| 451 |
|
1 |
|0 (RuTPU)RU\TPU\book\55666
|t Взаимозаменяемость, стандартизация и технические измерения
|o учебник
|f А. И. Якушев
|e 5-е изд., перераб. и доп.
|c Москва
|n Машиностроение
|d 1979
|p 344 с.
|a Якушев, Александр Иванович
|
| 610 |
1 |
|
|a стандартизация
|
| 610 |
1 |
|
|a технические измерения
|
| 610 |
1 |
|
|a взаимозаменяемость
|
| 610 |
1 |
|
|a допуски
|
| 610 |
1 |
|
|a посадки
|
| 610 |
1 |
|
|a погрешности
|
| 610 |
1 |
|
|a измерительные средства
|
| 610 |
1 |
|
|a расчеты
|
| 610 |
1 |
|
|a учебные пособия
|
| 675 |
|
|
|a 621.803В(075.8)
|v 3
|
| 700 |
|
1 |
|a Якушев
|b А. И.
|g Александр Иванович
|
| 801 |
|
1 |
|a RU
|b 63413507
|c 20030611
|g PSBO
|
| 801 |
|
2 |
|a RU
|b 63413507
|c 20221010
|g PSBO
|
| 942 |
|
|
|c BK
|